Biblioteca

Entre nubes de algodón (Registro nro. 48415)

Detalles MARC
000 -LÍDER
Campo fijo de descripción fija 004540000a22001810004500
001 - NÚMERO DE CONTROL
Campo de control 1244
003 - IDENTIFICADOR DEL NÚMERO DE CONTROL
Campo de control CO-MdFUSB
005 - FECHA Y HORA DE LA ULTIMA TRANSACCIÓN
control field 20170615143840.0
008 - ELEMENTOS DE LONGITUD FIJA -- INFORMACIÓN GENERAL
Campo fijo de descripción fija -- Información general 170615b xxu||||| |||| 00| 0 eng d
020 ## - NÚMERO INTERNACIONAL NORMALIZADO PARA LIBROS
Número Internacional Normalizado del libro 950-771-367-0
040 ## - FUENTE DE CATALOGACIÓN
Agencia que realiza la transcripción CO-MdBIC
082 04 - NÚMERO DE CLASIFICACIÓN DECIMAL DEWEY
Número de clasificación 863C En 85e1
245 10 - TÍTULO
Título del Material Entre nubes de algodón
250 ## - MENCIÓN DE EDICIÓN
Mención de edición Barone, Luis Roberto
260 ## - PUBLICACIÓN, DISTRIBUCIÓN, ETC. (PIE DE IMPRENTA)
Lugar de publicación, distribución, etc. Santa fé de Bogotá : Printer Colombiana S.A.
300 ## - DESCRIPCIÓN FÍSICA
Extensión 152 Pag. / 30 cm.
942 ## - TIPO DE MATERIAL (KOHA)
Tipo de Item KOHA Z- Libro General BINCO
Existencias
Estado de Material Estado de Perdido Forma de Clasificación Volumen-Parte/Tomo Estado de Dañado No para Préstamo Tomo Biblioteca de Origen Biblioteca Permanente Fecha de Adquisición Total de Préstamos Total de Renovaciones Signatura Topográfica Código de Barras Última vez visto Última vez Préstado Ejemplar/Existencia Fecha de Remplazo Tipo de Material
    Dewey Decimal Classification       1 Biblioteca Infantil Comunitaria BINCO Biblioteca Infantil Comunitaria BINCO 09/07/2008 3 2 863C En 85e1 B31683 21/03/2019 30/11/2018 1 26/01/2016 Z- Libro General BINCO
    Dewey Decimal Classification       2 Biblioteca Infantil Comunitaria BINCO Biblioteca Infantil Comunitaria BINCO 09/07/2008     863C En 85e2 B31684 24/11/2016   2 26/01/2016 Z- Libro General BINCO

Biblioteca FUSBC | Teléfono: (57+4) 349 88 10 Ext. 141| WhatsApp (+57) 3005338115 
E-mail: biblioteca@unisbc.edu.co | Calle 76 87-14 Robledo Palenque, Medellín, Colombia

Con tecnología Koha